Transport and distribution
| Format: | Book |
|---|---|
| Published: |
London :
Mercury Books ,
1990
|
| Subjects: |
MARC
| LEADER | 00000cam a2200000 7i4500 | ||
|---|---|---|---|
| 001 | 0000005372 | ||
| 002 | 000005803 | ||
| 005 | 20000330.0 | ||
| 020 | |a 1852510471 | ||
| 090 | 0 | 0 | |a 381.094 |b TRA |
| 245 | 0 | 0 | |a Transport and distribution |
| 260 | |a London : |b Mercury Books , |c 1990 | ||
| 300 | |a 182p. : |b ill ; |c 25cm. | ||
| 650 | 0 | 0 | |a Physical distribution of goods |
| 650 | 0 | 0 | |a Transportation |
| 999 | |a 031462 |b BUKU |c PINJAMAN |e PERPUSTAKAAN KOMUNITI PETALING JAYA | ||